000 00443nam a2200181Ia 4500
001 17602
005 20260306171529.0
008 260306s9999||||xx |||||||||||||| ||und||
041 _aESP
082 _a658.1
_bC75
100 _aCollins, Jim
_eAUT
245 0 _aCómo caen los poderosos:
_by por qué algunas compañías nunca se rinden
260 _c2010
300 _a
_c
650 _aGEN
654 _aCAN
942 _cLIB
_dJUS
_fJUS
_2ddc
_n
999 _c17602
_d17602